| 000 | 01804cam a22004094a 4500 | ||
|---|---|---|---|
| 001 | 14264325 | ||
| 005 | 20060725221813.0 | ||
| 008 | 060213s2005 nyua b 001 0 eng c | ||
| 010 | _a 2006272774 | ||
| 015 |
_aGBA528429 _2bnb |
||
| 016 | 7 |
_a101257717 _2DNLM |
|
| 016 | 7 |
_a013169624 _2Uk |
|
| 020 | _a007141715X (alk. paper) | ||
| 020 | _a9780071417150 (alk. paper) | ||
| 035 | _a(OCoLC)ocm58998639 | ||
| 040 |
_aNLM _cNLM _dUKM _dBAKER _dCUS _dCOH _dNOH _dDLC |
||
| 042 | _apcc | ||
| 050 | 0 | 0 |
_aRG571 _b.M415 2005 |
| 060 | 0 | 0 | _a2005 L-153 |
| 060 | 1 | 0 |
_aWQ 240 _bM4863 2005 |
| 082 | 0 | 0 |
_a618.3 _222 _bMED |
| 245 | 0 | 0 |
_aMedical Complications in Pregnancy : _bPractical Pathways in Obstetrics & Gynecology / _c[edited by] Sabrina D. Craigo, Emily R. Baker. |
| 260 |
_aNew York : _bMcGraw-Hill, 2005 _cc2005. |
||
| 300 |
_axiii, 754 p. : _bill. ; _c24 cm. |
||
| 504 | _aIncludes bibliographical references and index. | ||
| 650 | 0 |
_aPregnancy _xComplications. _927302 |
|
| 650 | 1 | 2 |
_aPregnancy Complications. _927303 |
| 653 |
_bNUR _cSeptember2011 |
||
| 700 | 1 |
_aCraigo, Sabrina D. _927304 |
|
| 700 | 1 |
_aBaker, Emily R. _927305 |
|
| 856 | 4 | 2 |
_3Contributor biographical information _uhttp://www.loc.gov/catdir/enhancements/fy0632/2006272774-b.html |
| 856 | 4 | 2 |
_3Publisher description _uhttp://www.loc.gov/catdir/enhancements/fy0632/2006272774-d.html |
| 856 | 4 | 1 |
_3Table of contents only _uhttp://www.loc.gov/catdir/enhancements/fy0632/2006272774-t.html |
| 942 |
_2ddc _cNRB |
||
| 999 |
_c16062 _d16062 |
||